Normal view
MARC view
- P. Anig-ig, Belth Babby.
Entry Personal Name
001 - CONTROL NUMBER
- control field: 60198
003 - CONTROL NUMBER IDENTIFIER
- control field: OSt
005 - DATE AND TIME OF LATEST TRANSACTION
- control field: 20240905094945.0
008 - FIXED-LENGTH DATA ELEMENTS
- fixed length control field: 240905|| aca||aabn | a|a d
040 ## - CATALOGING SOURCE
- Original cataloging agency: OSt
- Transcribing agency: OSt
100 ## - HEADING--PERSONAL NAME
- Personal name: P. Anig-ig, Belth Babby.
- Relator term: author.
670 ## - SOURCE DATA FOUND
- Source citation: Work cat.: (OSt): P. Anig-ig, Belth Babby. author., June is dengue awareness month /, June 2019.
